[Event "Hamburg HSK Easter op"]
[Site "Hamburg"]
[Date "2025.04.20"]
[Round "6"]
[White "Colpe, Malte"]
[Black "Koniahli, Malek"]
[Result "0-1"]
[WhiteElo "2373"]
[BlackElo "2309"]
[PlyCount "122"]
[EventDate "2025.04.18"]
[EventType "swiss"]
[EventRounds "7"]
[EventCountry "GER"]
[SourceTitle "CB20_2025"]
[SourceDate "2025.05.14"]
[SourceVersion "1"]
[SourceVersionDate "2025.05.14"]
[SourceQuality "1"]

1. d4 Nf6 2. Nf3 e6 3. Bf4 b6 4. e3 Bb7 5. Bd3 Be7 6. h3 d6 7. 0-0 Nbd7 8. Nbd2 0-0 9. Bh2 Re8 10. e4 Nf8 11. Qe2 Ng6 12. Rfd1 Bf8 13. Ba6 Qc8 14. Bxb7 Qxb7 15. e5 dxe5 16. dxe5 Nd7 17. h4 h6 18. h5 Ne7 19. Ne4 Rad8 20. Bf4 Nd5 21. Bxh6 gxh6 22. c4 Nf4 23. Qe3 Nxh5 24. g4 Nc5 25. Nfd2 Qc6 26. gxh5 Rd3 27. Nf6+ Kh8 28. Qe2 Red8 29. b4 Be7 30. Nf1 Bxf6 31. exf6 Qd6 32. Rxd3 Nxd3 33. Qe3 Nf4 34. c5 Qd4 35. cxb6 axb6 36. Qxd4 Rxd4 37. Ng3 Rxb4 38. Re1 Rb5 39. Rc1 Nxh5 40. Nxh5 Rxh5 41. Rxc7 Kg8 42. Rb7 Ra5 43. Rxb6 Rxa2 44. Rb7 Ra5 45. f4 Rf5 46. Rb4 Kh7 47. Kg2 Kg6 48. Kg3 Kxf6 49. Rb7 Rc5 50. Ra7 Kg6 51. Rb7 Rc3+ 52. Kh4 Rf3 53. Kg4 Rf1 54. Kg3 Rd1 55. Ra7 Rd3+ 56. Kh4 f6 57. Ra5 Rd5 58. Ra4 Kf5 59. Rb4 Rd3 60. Ra4 Re3 61. Rb4 Re4 0-1

[Event "Hamburg HSK Easter op"]
[Site "Hamburg"]
[Date "2025.04.20"]
[Round "5"]
[White "Koniahli, Malek"]
[Black "Bracker, Arne"]
[Result "1-0"]
[WhiteElo "2309"]
[BlackElo "2289"]
[PlyCount "102"]
[EventDate "2025.04.18"]
[EventType "swiss"]
[EventRounds "7"]
[EventCountry "GER"]
[SourceTitle "CB20_2025"]
[SourceDate "2025.05.14"]
[SourceVersion "1"]
[SourceVersionDate "2025.05.14"]
[SourceQuality "1"]

1. Nf3 d5 2. e3 Nf6 3. c4 e6 4. b3 Be7 5. Bb2 0-0 6. Qc2 dxc4 7. bxc4 c5 8. Bd3 Nc6 9. a3 b6 10. g4 e5 11. g5 e4 12. gxf6 exd3 13. fxe7 dxc2 14. exd8Q cxb1Q+ 15. Rxb1 Rxd8 16. Rg1 g6 17. Ng5 Bf5 18. e4 Re8 19. d3 Rad8 20. Ke2 h6 21. Nf3 Kh7 22. Nd2 Bc8 23. f3 f5 24. Nf1 f4 25. Nd2 Be6 26. Rbd1 a6 27. Bf6 Rd6 28. Rb1 Bd7 29. Ba1 b5 30. cxb5 axb5 31. Rgc1 Ne5 32. Rb3 b4 33. Rxc5 Nf7 34. Rxb4 g5 35. Rb7 Be6 36. a4 Kg6 37. a5 Red8 38. Rb6 g4 39. fxg4 Bxg4+ 40. Kf1 Rxb6 41. axb6 Rxd3 42. b7 Rxd2 43. Rd5 Ra2 44. Bc3 Bh3+ 45. Ke1 f3 46. Rd2 Rxd2 47. Bxd2 Ne5 48. b8Q Nd3+ 49. Kd1 Nf2+ 50. Kc2 Nxe4 51. Qe8+ Kf6 1-0

[Event "Titled Tuesday intern op 25th Feb Early"]
[Site "Chess.com INT"]
[Date "2025.02.25"]
[Round "2"]
[White "Koniahli, Malek"]
[Black "Sarana, Alexey"]
[Result "0-1"]
[WhiteElo "2309"]
[BlackElo "2672"]
[PlyCount "156"]
[EventDate "2025.02.25"]
[EventType "swiss (blitz)"]
[EventRounds "11"]
[EventCountry "USA"]
[SourceTitle "CB10_2025"]
[SourceDate "2025.03.05"]
[SourceVersion "1"]
[SourceVersionDate "2025.03.05"]
[SourceQuality "1"]

1. e4 c5 2. Nf3 d6 3. Bb5+ Nd7 4. 0-0 a6 5. Bxd7+ Bxd7 6. d4 cxd4 7. Qxd4 h6 8. c4 e5 9. Qd3 b5 10. Nbd2 Nf6 11. b3 Be7 12. Ba3 Qb6 13. Rfe1 Rd8 14. cxb5 axb5 15. Bb4 Be6 16. Nb1 d5 17. Bxe7 Kxe7 18. exd5 Rxd5 19. Qe2 e4 20. Nc3 exf3 21. Nxd5+ Nxd5 22. Qxf3 Nf6 23. a4 bxa4 24. bxa4 Rd8 25. a5 Qa6 26. Qa3+ Ke8 27. Rac1 Nd5 28. Rcd1 Rd7 29. Qc5 Qa8 30. a6 Nf4 31. f3 Rxd1 32. Rxd1 Qxa6 33. Qe5 Qb6+ 34. Kf1 g5 35. Qd4 Qxd4 36. Rxd4 Ke7 37. Kf2 Kf6 38. Ra4 Nd3+ 39. Ke3 Nf4 40. g3 Ng6 41. Ra6 Ke5 42. Ra5+ Kf6 43. Ra6 Ne7 44. Ra7 Nc6 45. Ra6 Ne5 46. f4 Ng4+ 47. Ke4 Kg7 48. fxg5 hxg5 49. h3 Nf6+ 50. Kf3 Bxh3 51. Ra5 Kg6 52. Kf2 Be6 53. Ra6 Ne4+ 54. Kf3 Nc5 55. Rb6 Nd7 56. Rd6 Ne5+ 57. Kg2 Ng4 58. Ra6 Kf5 59. Ra5+ Ne5 60. Ra6 Bd5+ 61. Kf2 f6 62. Ra5 Be4 63. Rb5 Bc6 64. Ra5 Kg6 65. Ra6 Bb5 66. Ra5 Bd7 67. Ra6 Bf5 68. Ra5 Be4 69. Ra6 Ng4+ 70. Kg1 Kh5 71. Ra8 Ne5 72. Rh8+ Kg4 73. Rb8 Kxg3 74. Rb3+ Nf3+ 75. Kf1 f5 76. Ra3 Bd5 77. Rc3 Bc4+ 78. Rxc4 Nd2+ 0-1

[Event "Titled Tuesday intern op 25th Feb Early"]
[Site "Chess.com INT"]
[Date "2025.02.25"]
[Round "7"]
[White "Lianes Garcia, Marcos"]
[Black "Koniahli, Malek"]
[Result "1-0"]
[WhiteElo "2387"]
[BlackElo "2309"]
[PlyCount "75"]
[EventDate "2025.02.25"]
[EventType "swiss (blitz)"]
[EventRounds "11"]
[EventCountry "USA"]
[SourceTitle "CB10_2025"]
[SourceDate "2025.03.05"]
[SourceVersion "1"]
[SourceVersionDate "2025.03.05"]
[SourceQuality "1"]

1. e4 c6 2. g3 d5 3. Bg2 dxe4 4. Bxe4 Nf6 5. Bg2 e5 6. Ne2 Bd6 7. 0-0 0-0 8. Nbc3 Bg4 9. h3 Bf5 10. d3 Nbd7 11. Kh2 Qc7 12. f4 exf4 13. Bxf4 Bg6 14. Qd2 Rfe8 15. Rae1 Rad8 16. Bxd6 Qxd6 17. Nf4 Ne5 18. a3 Qd4 19. Nxg6 hxg6 20. Rf4 Qd6 21. Ne4 Nxe4 22. Rfxe4 Qb8 23. Qf4 f6 24. d4 g5 25. Qe3 Rd5 26. Qb3 Kh8 27. dxe5 f5 28. R4e2 Rb5 29. Qf3 Rbxe5 30. Qh5+ Kg8 31. Rxe5 Rxe5 32. Rxe5 Qxe5 33. Qxg5 Qxb2 34. Qxf5 Qxa3 35. Qc8+ Kf7 36. Qxb7+ Kf8 37. Qxc6 Qe3 38. c4 1-0

[Event "Titled Tuesday intern op 25th Feb Early"]
[Site "Chess.com INT"]
[Date "2025.02.25"]
[Round "3"]
[White "Nalbandyan, Vahan"]
[Black "Koniahli, Malek"]
[Result "0-1"]
[WhiteElo "2149"]
[BlackElo "2309"]
[PlyCount "54"]
[EventDate "2025.02.25"]
[EventType "swiss (blitz)"]
[EventRounds "11"]
[EventCountry "USA"]
[SourceTitle "CB10_2025"]
[SourceDate "2025.03.05"]
[SourceVersion "1"]
[SourceVersionDate "2025.03.05"]
[SourceQuality "1"]

1. e4 c6 2. d4 d5 3. e5 c5 4. dxc5 e6 5. Be3 Nh6 6. c3 Nf5 7. Bd4 Nd7 8. Bb5 Qc7 9. b4 g6 10. Nf3 Bg7 11. Nbd2 0-0 12. g4 Nxd4 13. cxd4 f6 14. exf6 Nxf6 15. h3 Ne4 16. Bd3 Nxd2 17. Nxd2 Bxd4 18. Rf1 Qe5+ 19. Be2 Bxa1 20. f4 Qd4 21. Rf3 Bc3 22. Rd3 Bxd2+ 23. Qxd2 Qxf4 24. Qc3 Bd7 25. Rf3 Qe4 26. Re3 d4 27. Rxe4 dxc3 0-1

[Event "Titled Tuesday intern op 21st Jan Late"]
[Site "Chess.com INT"]
[Date "2025.01.21"]
[Round "5"]
[White "Gasparyan, Davit"]
[Black "Koniahli, Malek"]
[Result "0-1"]
[WhiteElo "2263"]
[BlackElo "2318"]
[PlyCount "142"]
[EventDate "2025.01.21"]
[EventType "swiss (blitz)"]
[EventRounds "11"]
[EventCountry "USA"]
[SourceTitle "CB05_2025"]
[SourceDate "2025.01.29"]
[SourceVersion "1"]
[SourceVersionDate "2025.01.29"]
[SourceQuality "1"]

1. e4 e5 2. Nf3 Nc6 3. Nc3 Nf6 4. d4 exd4 5. Nxd4 Bb4 6. Nxc6 bxc6 7. Bd3 d5 8. Bg5 0-0 9. 0-0 Be7 10. exd5 h6 11. Bxf6 Bxf6 12. dxc6 Rb8 13. Nd5 Bxb2 14. Rb1 Be6 15. Nf4 Bxa2 16. Rxb2 Rxb2 17. Qg4 Qg5 18. Qf3 Rb4 19. g3 Rfb8 20. h4 Qf6 21. Kg2 Be6 22. h5 a5 23. Re1 Rxf4 24. gxf4 Qd4 25. Re5 a4 26. c3 Qd6 27. Qe4 Rd8 28. Qh7+ Kf8 29. Bc4 Qxc6+ 30. Re4 f5 31. Qh8+ Kf7 32. Bxe6+ Qxe6 33. Rxe6 Rxh8 34. Ra6 Re8 35. Rxa4 Re4 36. Rxe4 fxe4 37. f3 exf3+ 38. Kxf3 g6 39. hxg6+ Kxg6 40. Ke4 Kf6 41. Kd5 h5 42. Ke4 c5 43. c4 h4 44. Kf3 Kf5 45. Ke3 h3 46. Kf3 h2 47. Kg2 Kxf4 48. Kxh2 Ke4 49. Kg2 Kd4 50. Kf2 Kxc4 51. Ke2 Kb3 52. Kd3 c4+ 53. Ke2 Kb2 54. Ke3 c3 55. Kd3 c2 56. Kd4 c1Q 57. Kd5 Qc3 58. Ke6 Qd4 59. Kf5 Kc3 60. Ke6 Qc5 61. Kd7 Qb6 62. Ke7 Qc6 63. Kf7 Qd6 64. Kg7 Qe6 65. Kf8 Qd7 66. Kg8 Kd4 67. Kh8 Ke5 68. Kg8 Kf6 69. Kf8 Qg7+ 70. Ke8 Qc7 71. Kf8 Qf7# 0-1

[Event "Titled Tuesday intern op 21st Jan Late"]
[Site "Chess.com INT"]
[Date "2025.01.21"]
[Round "1"]
[White "Koniahli, Malek"]
[Black "Onslow, Alfie"]
[Result "1-0"]
[WhiteElo "2318"]
[BlackElo "2170"]
[PlyCount "83"]
[EventDate "2025.01.21"]
[EventType "swiss (blitz)"]
[EventRounds "11"]
[EventCountry "USA"]
[SourceTitle "CB05_2025"]
[SourceDate "2025.01.29"]
[SourceVersion "1"]
[SourceVersionDate "2025.01.29"]
[SourceQuality "1"]

1. e4 c6 2. d4 d5 3. e5 c5 4. c3 Nc6 5. Be2 g6 6. Nf3 Bg4 7. 0-0 e6 8. Be3 Nge7 9. dxc5 Nf5 10. Bd4 Bg7 11. Re1 Qc7 12. b4 0-0 13. Nbd2 Bxf3 14. Nxf3 Nxe5 15. Nxe5 Bxe5 16. Bxe5 Qxe5 17. Qd2 Qf6 18. Bd3 Rfc8 19. a4 b6 20. Ba6 Rc7 21. c6 Nd6 22. b5 Ne4 23. Qd4 Qxd4 24. cxd4 Rd8 25. f3 Nd2 26. Kf2 Nb3 27. Rad1 Na5 28. Rc1 Kg7 29. Rc3 h5 30. h4 Kf6 31. Re5 Rh8 32. Kg3 Ke7 33. Kh3 Kd6 34. g4 hxg4+ 35. fxg4 f6 36. Re1 g5 37. h5 f5 38. Rce3 Rh6 39. Re5 fxg4+ 40. Kxg4 Nc4 41. Rxg5 Nd2 42. Rg6 1-0

[Event "Titled Tuesday intern op 21st Jan Late"]
[Site "Chess.com INT"]
[Date "2025.01.21"]
[Round "6"]
[White "Koniahli, Malek"]
[Black "Pasti, Aron"]
[Result "1-0"]
[WhiteElo "2318"]
[BlackElo "2372"]
[PlyCount "111"]
[EventDate "2025.01.21"]
[EventType "swiss (blitz)"]
[EventRounds "11"]
[EventCountry "USA"]
[SourceTitle "CB05_2025"]
[SourceDate "2025.01.29"]
[SourceVersion "1"]
[SourceVersionDate "2025.01.29"]
[SourceQuality "1"]

1. e4 e5 2. Nf3 Nc6 3. Bb5 a6 4. Ba4 Nf6 5. 0-0 Be7 6. Re1 b5 7. Bb3 0-0 8. h3 d6 9. c3 Na5 10. Bc2 c5 11. d4 Qc7 12. Nbd2 cxd4 13. cxd4 Nc6 14. Nb3 a5 15. Be3 Nb4 16. Bb1 Bd7 17. a3 Nc6 18. d5 Nd8 19. Bd3 a4 20. Nbd2 Nb7 21. Qe2 Qa5 22. Rac1 Rfc8 23. Nb1 b4 24. Bd2 Qb6 25. Bxb4 Nc5 26. Bc2 Bb5 27. Qd2 Nh5 28. Nc3 Nf4 29. Nxb5 Qxb5 30. Rcd1 Qd7 31. Kh2 h5 32. Re3 h4 33. Rc3 Na6 34. Rxc8+ Rxc8 35. Bc3 Nc5 36. Qe3 g6 37. Kg1 Bf8 38. Nxh4 Qe7 39. Nf3 Bh6 40. Qe1 Qf6 41. Kh2 Kg7 42. Ng1 Rh8 43. g3 Nh5 44. Kg2 Bg5 45. Qe2 Bf4 46. Qf3 Qg5 47. Ne2 Nd7 48. Nxf4 Ndf6 49. Nxh5+ Nxh5 50. h4 Qh6 51. Kf1 Nf6 52. Bd2 Qh7 53. Be3 Nd7 54. Bxa4 Nf8 55. Bg5 Kg8 56. Bf6 1-0

[Event "Titled Tuesday intern op 21st Jan Late"]
[Site "Chess.com INT"]
[Date "2025.01.21"]
[Round "3"]
[White "Martinez Alcantara, Jose Eduardo"]
[Black "Koniahli, Malek"]
[Result "1-0"]
[WhiteElo "2606"]
[BlackElo "2318"]
[PlyCount "59"]
[EventDate "2025.01.21"]
[EventType "swiss (blitz)"]
[EventRounds "11"]
[EventCountry "USA"]
[SourceTitle "CB05_2025"]
[SourceDate "2025.01.29"]
[SourceVersion "1"]
[SourceVersionDate "2025.01.29"]
[SourceQuality "1"]

1. e4 e5 2. Bc4 Nf6 3. d3 Nc6 4. Nc3 Bb4 5. Bd2 0-0 6. Nge2 Na5 7. Bb3 c6 8. 0-0 Nxb3 9. axb3 d5 10. Ng3 dxe4 11. Ncxe4 Nxe4 12. Nxe4 Bxd2 13. Qxd2 Bf5 14. Ng3 Be6 15. Qe3 Qd4 16. Ne2 Qxb2 17. Rfc1 a5 18. d4 exd4 19. Nxd4 Rad8 20. c3 a4 21. Rcb1 a3 22. Rxb2 axb2 23. Rb1 Ra8 24. Qd2 Ra2 25. h3 Rd8 26. Rxb2 Ra1+ 27. Kh2 c5 28. Qg5 Rd5 29. Qg3 h5 30. Nxe6 1-0

[Event "Olympiad-45"]
[Site "Budapest"]
[Date "2024.09.20"]
[Round "9.1"]
[White "Koniahli, Malek"]
[Black "Kamara, Ansumana"]
[Result "1-0"]
[WhiteElo "2282"]
[BlackElo "1876"]
[PlyCount "55"]
[EventDate "2024.09.11"]
[EventType "team-swiss"]
[EventRounds "11"]
[EventCountry "HUN"]
[SourceTitle "EXT 2025"]
[Source "ChessBase"]
[SourceDate "2024.10.14"]
[SourceVersion "1"]
[SourceVersionDate "2024.10.14"]
[SourceQuality "1"]
[WhiteTeam "Syria"]
[BlackTeam "Sierra Leone"]
[WhiteTeamCountry "SYR"]
[BlackTeamCountry "SIE"]

1. e4 c5 2. Nf3 d6 3. d4 cxd4 4. Nxd4 Nf6 5. Nc3 a6 6. Be3 e5 7. Nb3 Be6 8. f3 Be7 9. Qd2 Qc7 10. 0-0-0 Nbd7 11. g4 b5 12. g5 Nh5 13. Nd5 Bxd5 14. exd5 Nb6 15. Na5 Rc8 16. Bh3 Nxd5 17. Bxc8 Nxe3 18. Bxa6 0-0 19. Qxe3 Qxa5 20. Qa7 Bxg5+ 21. Kb1 Rd8 22. Rd5 Nf4 23. Rxb5 Qd2 24. Rb8 Ne6 25. Bc4 d5 26. Rxd8+ Nxd8 27. Qd7 dxc4 28. Qe8# 1-0

[Event "Olympiad-45"]
[Site "Budapest"]
[Date "2024.09.19"]
[Round "8.1"]
[White "Potter, Simon"]
[Black "Koniahli, Malek"]
[Result "0-1"]
[WhiteElo "1663"]
[BlackElo "2282"]
[PlyCount "60"]
[EventDate "2024.09.11"]
[EventType "team-swiss"]
[EventRounds "11"]
[EventCountry "HUN"]
[SourceTitle "EXT 2025"]
[Source "ChessBase"]
[SourceDate "2024.10.14"]
[SourceVersion "1"]
[SourceVersionDate "2024.10.14"]
[SourceQuality "1"]
[WhiteTeam "British Virgin Islands"]
[BlackTeam "Syria"]
[WhiteTeamCountry "IVB"]
[BlackTeamCountry "SYR"]

1. e4 c5 2. Nc3 e6 3. Bc4 a6 4. a3 Nc6 5. Nf3 Nf6 6. d3 d6 7. h3 Be7 8. 0-0 0-0 9. Bf4 b5 10. Ba2 Bb7 11. Qd2 Rc8 12. Rfe1 Nd7 13. Rab1 Nde5 14. Nxe5 dxe5 15. Bh2 Bg5 16. Qe2 Nd4 17. Qd1 Qd6 18. Ne2 Rfd8 19. c3 Nc6 20. Bb3 c4 21. dxc4 Qe7 22. Nd4 exd4 23. Qf3 Na5 24. Bc2 Nxc4 25. Qg4 dxc3 26. bxc3 Nxa3 27. Rb2 Rd2 28. Re2 b4 29. cxb4 Rcxc2 30. Rxc2 Rd1+ 0-1